MARC

LEADER 00000nam0a2200000 4500
001 262168
005 20231101233628.0
010 |a 5319000057 
035 |a (RuTPU)RU\TPU\book\285150 
090 |a 262168 
100 |a 20140530d1988 k y0rusy50 ca 
101 0 |a rus 
102 |a UA 
105 |a y z 001zy 
200 1 |a Восстановление Приднепровья (1946-1950)  |e документы и материалы  |f Институт марксизма-ленинизма (ИМЛ), Институт истории партии при ЦК Компартии Украины ; под ред. И. Ф. Кураса 
210 |a Киев  |c Политиздат Украины  |d 1988 
215 |a 534 с. 
320 |a Указатели: с. 503-514. 
320 |a Перечень документов: с. 515-531. 
606 1 |a Народное хозяйство СССР  |x Восстановление и развитие после Великой Отечественной войны 1941-1945  |2 stltpush  |3 (RuTPU)RU\TPU\subj\66822  |9 82845 
610 1 |a Приднепровье 
610 1 |a Украина 
610 1 |a народное хозяйство 
610 1 |a восстановительные работы 
610 1 |a документы 
610 1 |a материалы 
610 1 |a история 
610 1 |a 20 век 
686 |a Т3(2)63-2  |v LBC/SL-A  |2 rubbk 
702 1 |a Курас  |b И. Ф.  |4 340 
712 0 2 |a Институт марксизма-ленинизма (ИМЛ)  |b Институт истории партии при ЦК Компартии Украины  |c (Киев)  |2 stltpush  |3 (RuTPU)RU\TPU\col\20391 
801 1 |a RU  |b 63413507  |c 20140530 
801 2 |a RU  |b 63413507  |c 20150330  |g RCR 
942 |c BK